| 000 | 00715nas a2200229 4500 | ||
|---|---|---|---|
| 001 | BR8705596 | ||
| 003 | BR-BrBNA | ||
| 005 | 20231205090807.0 | ||
| 007 | ta | ||
| 008 | 230509b bl.|||p| |||| 00| 00por d | ||
| 040 |
_aBR-BrBNA _bpor _cBiblioteca Nacional de Agricultura |
||
| 041 | _a(Pt) | ||
| 072 | _aH10 | ||
| 100 | 1 | _aPearson, H.R. | |
| 245 | 1 | _aSobre o genero Tolypida Schaus, 1928 (Lepidoptera, Mimallonidae)com descricao de nova especie | |
| 650 | _aLEPIDOPTERO | ||
| 650 | _aTAXONOMIA | ||
| 650 | _aANATOMIA | ||
| 773 | 0 |
_tRevista Brasileira de Entomologia (Brazil) _xISSN 0085-5626 _g(Dec 1984), v. 28(4) p. 465-472 _wBR8705596 |
|
| 909 |
_a202311 _bLúcia _c55 _dLúcia Elande |
||
| 942 |
_2AGRIS _n0 _cANA |
||
| 999 |
_c120882 _d120882 |
||